Lingüística cognitiva

Guardat en:
Dades bibliogràfiques
Autors principals: Ibarretxe-Antuñano, Iraide (Autor), Valenzuela, Javier (Autor)
Format: Llibre
Idioma:espanyol
Publicat: Barcelona Anthropos 2012
Edició:1a. ed
Col·lecció:Autores, Textos, y Temas. Lingüística, 8
Matèries:
Etiquetes: Afegir etiqueta
Sense etiquetes, Sigues el primer a etiquetar aquest registre!

MARC

LEADER 00000cam a2200000 a 4500
001 UCD3460
003 CL-VaPUC
008 160603e20120000sp |||||||||||||||||spa|d
020 |a 9788415260370 
082 0 4 |a 410  |b IBA  |2 21 
100 |a Ibarretxe-Antuñano, Iraide  |e author  |9 586950 
700 0 |a Valenzuela, Javier  |e author  |9 586951 
245 1 0 |a Lingüística cognitiva 
250 |a 1a. ed 
300 |a 444 p 
942 |c BK 
945 |d 20160603 11:43:00  |a arojas 
260 |a Barcelona  |b Anthropos  |c 2012 
650 7 |a LINGUISTICA COGNITIVA  |2 CL-VaPUC  |9 453657 
650 7 |a LIGUISTICA  |2 CL-VaPUC  |9 354067 
650 0 |a Semántica  |9 265318 
650 0 |a Metáforas  |9 372647 
583 |a last modification  |c 20160603 11:43:00  |k Rodrigo Vera 
490 0 |a Autores, Textos, y Temas. Lingüística, 8 
999 |c 364496  |d 364494 
952 |0 0  |1 0  |3 erb  |4 0  |6 410_000000000000000_IBA_2012  |7 0  |8 A  |9 477697  |a BIBEDU  |b BIBEDU  |i 5291259  |l 1  |o 410 IBA 2012  |p 5291259  |r 2023-05-26  |s 2023-05-19  |w 2019-11-24  |y BK  |z Catalogado en:20160603  |k LIT 
952 |0 0  |1 0  |3 erb  |4 0  |6 410_000000000000000_IBA_2012  |7 0  |8 A  |9 477698  |a BIBEDU  |b BIBEDU  |i 5291267  |l 2  |o 410 IBA 2012  |p 5291267  |r 2023-03-23  |s 2023-03-14  |w 2019-11-24  |y BK  |z Catalogado en:20160603  |k LIT